| 000 | 01058nam a2200241Ia 4500 | ||
|---|---|---|---|
| 999 |
_c38441 _d38441 |
||
| 001 | 4452 | ||
| 003 | GE_BSU | ||
| 005 | 20190527160413.0 | ||
| 008 | 181216s1986|||| |||||||||||||| ||geo|| | ||
| 040 | _cGE_BSU | ||
| 041 | _ageo | ||
| 080 | _a517.1(075.8) ბ–95 | ||
| 100 |
_aბუაძე,ა. _91652 |
||
| 245 |
_aმათემატიკა ინჟინრებისათვის II. სახელმძღ. / _cა. ბუაძე ; ა. გაბრაშვილი ; დ. წვენიაშვილი ; რედ. ა.ბუაძე. |
||
| 264 |
_aთბილისი : _bთბილ. უნ–ტის გამ–ბა, _c1986. |
||
| 300 |
_a501 გვ .: _c21 სმ. |
||
| 653 | _aმათემატიკა ინჟინრებისათვის. | ||
| 653 | _aმათემატიკა | ||
| 700 |
_aგაბრაშვილი, ა _91656 |
||
| 700 |
_aწვენიაშვილი, დ _91657 |
||
| 700 |
_aბუაძე, ა _eრედაქტორი _91420 |
||
| 942 |
_cBK _2udc |
||